| 000 | 00000nam##2200000za#4500 |
| 001 | 9.698752 |
| 003 | CaOODSP |
| 005 | 20210625000054 |
| 007 | cr ||||||||||| |
| 008 | 150407|2004||||xxc|||||o f|0| 0 eng|d |
| 040 | |aCaOODSP|beng |
| 043 | |an-cn--- |
| 086 | 1 |aFs23-599/2004E-PDF |
| 110 | 1 |aCanada. |bDepartment of Fisheries and Oceans. |
| 245 | 10|aConsultation framework for Fisheries and Oceans Canada |h[electronic resource] |
| 260 | |aOttawa - Ontario : |bFisheries and Oceans Canada |cMarch 2004. |
| 300 | |a52p.|btables |
| 590 | |a14-02-Supp|b2014-01-08 |
| 775 | 08|tCadre de consultation pour Pêches et Océans Canada |w(CaOODSP)9.642754 |
| 856 | 40|ahttp://publications.gc.ca|qPDF|s746 KB|uhttps://publications.gc.ca/collections/collection_2013/mpo-dfo/Fs23-599-2004-eng.pdf |